000 00892nac a22002291u 4500
010 _a 2006044823
020 _a0205498418
082 0 0 _a331.702
_bB87717
090 _c4645
_d4645
100 _aBrown, Duane.
245 1 0 _aCareer information, career counseling, and career development /
_cDuane Brown.
250 _a9th ed.
260 _aBoston :
_bPearson/A&B,c.2007.
_cc.2007.
300 _ap. cm.
504 _aIncludes bibliographical references and index.
650 0 _aVocational guidance.
650 0 _aVocational guidance
_vBibliography.
650 0 _aVocational guidance
_xInformation services.
650 0 _aInformation storage and retrieval systems
_xVocational guidance.
942 _cBB
_k331.702B87717
999 _c4645
_d4645